Insignes perso - Statistiques

Statistiques générales
  • Ce quiz a été pris 10 fois
  • Le résultat moyen est 10 sur 34
Statistiques - réponses
Par images Réponse % Correct
Amour de l'Histoire
100%
Amour de la piquette
67%
Amour du bon vin
67%
Traversée du désert en solitaire
67%
A cousu sa faluche ou celle de quelqu'un d'autre
33%
A été intégré
33%
A intégré et a été intégré
33%
Amour de la bonne bière
33%
Amour de la charcuterie
33%
Amour de la mauvaise bière
33%
Amour de l'anatomie
33%
Amour de la photographie
33%
Amour des arts plastiques
33%
Amour des grands espaces
33%
Amour des plaisirs de la table
33%
Chanceux
33%
Chanceux aux examens
33%
Engagement écologique
33%
Gros dormeur
33%
Homosexuel
33%
N'a pas été intégré
33%
Oiseau de nuit
33%
Perte de la virginité féminine
33%
Polyglotte
33%
Radin
33%
Amour de l'anatomie du sexe opposé
0%
Amour des arts de la scène et du cinéma
0%
Amour des arts littéraires
0%
Amour des arts musicaux
0%
Amour des nouvelles technologies, de l'informatique et des sciences
0%
Coeur pris dans l'antichambre du mariage
0%
Mariée ou pacsé
0%
Passage de vie à trépas lors d'une garde d'un étudiant en santé
0%
Perte de la virginité (masculine)
0%
Aucun quiz correspondant
Distribution des résultats
% des personnes avec chaque résultat
Percentile par nombre de réponses
Votre historique - résultats
Vous n’avez pas pris ce quiz